Statistics for West Ham United Squad 2020-2021

Click here to take the quiz!

General Stats

  • This quiz has been taken 62 times
    (51 since last reset)
  • The average score is 20 of 26

Answer Stats

#PositionNationPlayer% Correct
1GKPolandŁukasz Fabiański
94%
28MFCzech RepublicTomáš Souček
92%
5DFCzech RepublicVladimír Coufal
92%
7FWUkraineAndriy Yarmolenko
89%
41MFEnglandDeclan Rice
89%
10MFArgentinaManuel Lanzini
89%
3DFEnglandAaron Cresswell
86%
-CoachScotlandDavid Moyes
86%
18MFSpainPablo Fornals
86%
9FWAlgeriaSaïd Benrahma
86%
21DFItalyAngelo Ogbonna
83%
20FWEnglandJarrod Bowen
83%
30FWEnglandMichail Antonio
83%
4DFParaguayFabián Balbuena
81%
16MFEnglandMark Noble
78%
11FWScotlandRobert Snodgrass
75%
15DFEnglandCraig Dawson
72%
26DFDR CongoArthur Masuaku
69%
35GKIrelandDarren Randolph
69%
23DFFranceIssa Diop
69%
11FWEnglandJesse Lingard
67%
31DFEnglandBen Johnson
61%
24DFEnglandRyan Fredericks
61%
22FWIvory CoastSébastien Haller
58%
25GKEnglandDavid Martin
50%
14DFDenmarkFrederik Alves
36%

Score Distribution

Percentile by Number Answered

Percent of People with Each Score

Your Score History

You have not taken this quiz since the last reset